Škůdci mouky /

Main Author: Pulpán, Jan, 1923-1993
Language: Czech
Published: Praha : Středisko technických informací potravinářského průmyslu, 1964
Edition: 1. vyd.
Series: Technická publikace
Online Access: Digitalizovaný dokument
Physical Description: 27 s. : il.
Book
Saved in:
LEADER 01254nam a22003492a 4500
001 001626422
003 CZ BrMZK
005 20180604071834.0
007 ta
008 180426s1964 xr a er|||||||||||cze d
015 |a cnb000480175 
035 |a (OCoLC)42102901 
040 |a ABA009  |b cze  |e AACR2  |d BOA001 
072 7 |a 632  |x Ochrana rostlin. Fytopatologie  |2 Konspekt  |9 24 
080 |a 632  |2 MRF-sel 
100 1 |a Pulpán, Jan,  |d 1923-1993  |7 xx0018290  |4 aut 
245 1 0 |a Škůdci mouky /  |c J. Pulpán 
250 |a 1. vyd. 
260 |a Praha :  |b Středisko technických informací potravinářského průmyslu,  |c 1964 
300 |a 27 s. :  |b il. 
490 1 |a Technická publikace ;  |v č. 176 
500 |a 1260 výt. 
500 |a Dostupné též v digitální podobě v aplikaci Kramerius 
650 0 7 |a mouka  |2 czenas 
650 0 7 |a skladištní škůdci  |7 ph116153  |2 czenas 
650 0 7 |a škodlivý hmyz  |7 ph135690  |2 czenas 
830 0 |a Technická publikace 
856 4 1 |u http://www.digitalniknihovna.cz/mzk/uuid/uuid:712dd1b0-0607-11ee-b4ae-0050568d319f  |y Digitalizovaný dokument  |x NDK 
910 |a BOA001  |b X-0523.706 
990 |a BK 
991 |b 201804 
996 6 |b 2618942746  |c X-0523.706  |l MZK  |r Sklad / do 24 hodin  |n 1  |w 001662224  |u 000010  |a 1  |e BOA001  |j MZK50  |s P